000 00857cab a2200253 4500
001 ABS52804
008 090401t1995 xxu||||| |||| 00| 0 eng d
035 _a(Sirsi) u274
041 _aeng
100 _aDow, R.
245 _aFirms pick partnership protection
260 _c1995
350 _a0
490 _aNew Builder
_v(258) 19 May 1995, 10-11(2)
520 _aNearly one in six contractors expect to merge with another company within the next two years and 90% expect to form some kind of partnership or joint venture within the next two years according to the "NB/JT Design Build Attitude Survey". Graph and pie charts.
650 _aCONSTRUCTION COMPANIES
650 _aHOUSE BUILDERS
650 _aJOINT VENTURES
650 _aPARTNERING
650 _aPARTNERSHIPS
690 _aBUILT ENVIRONMENT
942 _n0
948 _c04/03/1997
999 _c106
_d106